| Tag |
First Indicator |
Second Indicator |
Subfields |
| LEADER |
00000cam a22000001a 4500 |
| 001 |
in00002935239 |
| 005 |
20190401173104.0 |
| 006 |
m o d |
| 007 |
cr un mmmapmmp |
| 008 |
061205s1876 dcud o f000 0 eng d |
| 035 |
|
|
|a cis2004032172
|
| 040 |
|
|
|a UMI
|c UMI
|d UtOrBLW
|
| 043 |
|
|
|a n-us---
|
| 099 |
|
|
|a ProQuest Serial Set Number 1691 H.exdoc.179
|
| 110 |
1 |
|
|a United States.
|b Congress.
|b House.
|b Select Committee on the Freedman's Bank.
|
| 245 |
1 |
0 |
|a Bureau of Refugees, Freedmen, and Abandoned Lands. (To accompany H. Res. 128.) Letter from the Secretary of War, transmitting a communication from the Assistant Adjutant General of the Army in charge of the late Bureau of Refugees, Freedmen, and Abandoned Lands, and recommending such legislation as will enable the officers of the Treasury Department to make new settlements in favor of certain colored claimants.
|
| 246 |
1 |
|
|a Bureau of Refugees, Freedmen, and Abandoned Lands
|
| 264 |
|
1 |
|a Washington :
|b [publisher not identified],
|c 1876.
|
| 300 |
|
|
|a 1 online resource.
|
| 336 |
|
|
|a text
|b txt
|2 rdacontent
|
| 337 |
|
|
|a computer
|b c
|2 rdamedia
|
| 338 |
|
|
|a online resource
|b cr
|2 rdacarrier
|
| 490 |
0 |
|
|a H.exdoc.179
|
| 500 |
|
|
|a Record is based on bibliographic data in ProQuest U.S. Serial Set Digital Collection (last viewed Dec. 2006). Reuse except for individual research requires license from ProQuest, LLC.
|
| 510 |
3 |
|
|a ProQuest U.S. Serial Set Digital Collection
|
| 500 |
|
|
|a Electronic resource.
|
| 610 |
1 |
0 |
|a United States.
|b Bureau of Refugees, Freedmen, and Abandoned Lands.
|
| 650 |
|
0 |
|a Claims.
|
| 650 |
|
0 |
|a Soldiers.
|
| 655 |
|
7 |
|a Electronic books.
|2 local
|
| 710 |
2 |
|
|a ProQuest (Firm)
|
| 830 |
|
0 |
|a United States congressional serial set.
|
| 856 |
4 |
0 |
|u http://proxy.library.tamu.edu/login?url=http://congressional.proquest.com/congcomp/getdoc?SERIAL-SET-ID=1691+H.exdoc.179
|z Connect to the full text of this electronic book
|t 0
|
| 999 |
|
|
|a MARS
|
| 999 |
f |
f |
|s 68a8ccf1-4e75-3164-896c-b8cef0c4918f
|i ae95ee4d-f933-3e8f-b359-3598ccd7ec30
|t 0
|
| 952 |
f |
f |
|a Texas A&M University
|b College Station
|c Electronic Resources
|d Available Online
|t 0
|e ProQuest Serial Set Number 1691 H.exdoc.179
|h Other scheme
|
| 998 |
f |
f |
|a ProQuest Serial Set Number 1691 H.exdoc.179
|t 0
|l Available Online
|